Score 0/15 Timer 03:00
0 Plays Today
Hint Answer % Correct
Book 1Storm Front
94.8%
Book 2Fool Moon
90.7%
Book 4Summer Knight
89.7%
Book 12Changes
87.6%
Book 3Grave Peril
83.5%
Book 13Ghost Story
81.4%
Book 15Skin Game
81.4%
Book 5Death Masks
79.4%
Hint Answer % Correct
Book 7Dead Beat
79.4%
Book 14Cold Days
78.4%
Book 9White Night
77.3%
Book 11Turn Coat
74.2%
Book 6Blood Rites
70.1%
Book 8Proven Guilty
66%
Book 10Small Favor
61.9%

You're not logged in!

Compare scores with friends on all Sporcle quizzes.
OR
Log In

Sporcle TV

Today on Sporcle TV


Watch our educational content, quiz creation guides, and fun videos on Sporcle TV.

Show Comments

Extras

Created Oct 30, 2013ReportNominate
Tags:Dresden Files

Top Quizzes Today


Score Distribution

Paid Content

Your Account Isn't Verified!

In order to create a playlist on Sporcle, you need to verify the email address you used during registration. Go to your Sporcle Settings to finish the process.

Report this User

Report this user for behavior that violates our Community Guidelines.

Details: